[Event "18th American Continental"]
[Site "Foz do Iguacu BRA"]
[Date "2025.05.23"]
[Round "1.1"]
[White "Gonzalez Culi, Diego"]
[Black "Shankland, Sam"]
[Result "0-1"]
[BlackTitle "GM"]
[WhiteElo "2099"]
[BlackElo "2666"]
[WhiteFideId "3409520"]
[BlackFideId "2004887"]
[EventDate "2025.05.23"]

1. d4 Nf6 2. c4 e6 3. Nc3 Bb4 4. e3 O-O 5. Bd3 d5 6. a3 Bxc3+ 7. bxc3 c6 8. Nf3
b6 9. O-O Ba6 10. cxd5 cxd5 11. Re1 Bxd3 12. Qxd3 Nc6 13. c4 Na5 14. cxd5 exd5
15. Ne5 Ne4 16. f3 Nd6 17. Bd2 Nac4 18. Bb4 Rc8 19. Rac1 Re8 20. Bxd6 Nxd6 21.
Qb3 Rc4 22. Rc2 Rxc2 23. Rc1 Nf5 24. Rxc2 g6 25. Rc3 f6 26. Qa4 Qd7 27. Nc6 a5
28. Kf2 Qe6 29. Qb5 Nd6 30. Qb1 Nc4 31. Na7 Nxe3 32. Nb5 Nf5 33. Qd1 Re7 34. g4
Ne3 35. Qd2 Nc4 36. Qd1 f5 37. g5 f4 0-1

[Event "18th American Continental"]
[Site "Foz do Iguacu BRA"]
[Date "2025.05.23"]
[Round "1.2"]
[White "Oparin, Grigoriy"]
[Black "Prata, Paulo Roberto Santos"]
[Result "1-0"]
[WhiteTitle "GM"]
[WhiteElo "2660"]
[BlackElo "2091"]
[WhiteFideId "24125890"]
[BlackFideId "2185806"]
[EventDate "2025.05.23"]

1. c4 e6 2. g3 d5 3. Bg2 Nf6 4. Nf3 Bd6 5. d4 c6 6. Qc2 O-O 7. O-O Nbd7 8. Nbd2
Re8 9. Rd1 b5 10. c5 Bc7 11. e4 dxe4 12. Nxe4 Nxe4 13. Qxe4 Rb8 14. Bg5 f6 15.
Bf4 Bb7 16. Rd2 a5 17. Re1 Rc8 18. h4 a4 19. Rde2 Ba5 20. Bd2 f5 21. Qc2 Nf8 22.
Bxa5 Qxa5 23. h5 Rcd8 24. h6 g6 25. Qc1 Qc7 26. b3 axb3 27. axb3 Qe7 28. b4 Qf6
29. Qf4 g5 30. Qxg5+ Qxg5 31. Nxg5 Rxd4 32. Nxe6 Rxb4 33. Ng5 Rxe2 34. Rxe2 Rg4
35. f4 Rxg3 36. Re7 1-0

[Event "18th American Continental"]
[Site "Foz do Iguacu BRA"]
[Date "2025.05.23"]
[Round "1.3"]
[White "Torales G., Ivan Alejandro B."]
[Black "Martinez Alcantara, Jose Eduardo"]
[Result "0-1"]
[WhiteTitle "FM"]
[BlackTitle "GM"]
[WhiteElo "2089"]
[BlackElo "2611"]
[WhiteFideId "3710785"]
[BlackFideId "3805662"]
[EventDate "2025.05.23"]

1. e4 c5 2. Nf3 Nc6 3. c3 d5 4. exd5 Qxd5 5. d4 Nf6 6. Be2 cxd4 7. cxd4 e6 8.
Nc3 Qd8 9. O-O Be7 10. Bg5 O-O 11. Qa4 Qb6 12. Rab1 Bd7 13. Rfd1 Rfd8 14. Rd2 h6
15. Bh4 Be8 16. Qd1 Nd5 17. Nxd5 Rxd5 18. Bc4 Rdd8 19. d5 Bxh4 20. Nxh4 Qb4 21.
b3 Ne5 22. Rd4 Qb6 23. Rd2 Rac8 24. Rbb2 exd5 25. Bxd5 Qf6 26. g3 Nd3 27. Rb1
Rxd5 28. Rxd3 Rdc5 29. Qf3 Qe6 30. Rbd1 Bc6 31. Qe3 Re5 32. Qd2 Re8 33. Nf3 Re2
34. Qa5 g5 35. h4 gxh4 36. Nd4 Re1+ 37. Kh2 Rxd1 38. Rxd1 hxg3+ 39. fxg3 Qg4 40.
Rd2 Bd7 41. Rg2 Qxd4 42. Qh5 Re5 43. Qxh6 Bg4 44. Rd2 Rh5+ 0-1

[Event "18th American Continental"]
[Site "Foz do Iguacu BRA"]
[Date "2025.05.23"]
[Round "1.5"]
[White "Carcamo, Matias"]
[Black "Mareco, Sandro"]
[Result "0-1"]
[BlackTitle "GM"]
[WhiteElo "2077"]
[BlackElo "2585"]
[WhiteFideId "115541"]
[BlackFideId "112275"]
[EventDate "2025.05.23"]

1. e4 c5 2. Nc3 e6 3. g3 Nc6 4. Bg2 g6 5. f4 Bg7 6. Nf3 d6 7. d3 Nge7 8. Be3 O-O
9. O-O Rb8 10. Rb1 Nd4 11. Ne2 Nxf3+ 12. Bxf3 b6 13. Qd2 Bb7 14. d4 Qc7 15. Rbd1
Rbd8 16. c3 a6 17. g4 cxd4 18. cxd4 f5 19. Rc1 Qd7 20. Ng3 fxe4 21. Bxe4 Bxe4
22. Nxe4 Nd5 23. Nc3 Nxe3 24. Qxe3 e5 25. Qe2 exf4 26. Kh1 Rde8 27. Qg2 Qf7 28.
Rcd1 f3 29. Qg3 Qf4 30. Rd3 f2 31. Kg2 Bxd4 32. Qxf4 Rxf4 33. h3 Re1 34. Rd2 Bc5
35. Nd5 Rc4 36. Nc3 a5 37. Rd1 Rxd1 38. Rxd1 a4 39. Rd3 Kf7 40. Rf3+ Ke6 41. b3
axb3 42. axb3 Rb4 43. Nd1 Re4 44. Kg3 Re2 45. g5 Bd4 46. h4 Kd5 47. Rf7 Rd2 0-1

[Event "18th American Continental"]
[Site "Foz do Iguacu BRA"]
[Date "2025.05.23"]
[Round "1.6"]
[White "Jacobson, Brandon"]
[Black "Acosta, Franco Emanuel"]
[Result "1-0"]
[WhiteTitle "GM"]
[WhiteElo "2582"]
[BlackElo "2075"]
[WhiteFideId "30901561"]
[BlackFideId "130265"]
[EventDate "2025.05.23"]

1. Nf3 d5 2. e3 e6 3. c4 Nf6 4. Nc3 Be7 5. b3 O-O 6. Bb2 b6 7. cxd5 Nxd5 8. Nxd5
exd5 9. d4 Bb4+ 10. Nd2 Qg5 11. a3 Bd6 12. Nf3 Qe7 13. Bd3 Bg4 14. Qc2 g6 15.
Ne5 Be6 16. h3 f6 17. Nf3 Nd7 18. O-O f5 19. Rfe1 Qf6 20. a4 g5 21. g3 g4 22.
hxg4 fxg4 23. Nh4 Rf7 24. e4 Qg7 25. e5 Bb4 26. Re2 Raf8 27. Qc6 Qh6 28. Bc1 Nb8
29. Qb5 Qxc1+ 30. Rxc1 Ba3 31. Ra1 a6 32. Bxh7+ 1-0

[Event "18th American Continental"]
[Site "Foz do Iguacu BRA"]
[Date "2025.05.23"]
[Round "1.7"]
[White "Reyes Zavaleta, Cristhian Yamil"]
[Black "Hong, Andrew"]
[Result "0-1"]
[BlackTitle "GM"]
[WhiteElo "2073"]
[BlackElo "2579"]
[WhiteFideId "3844340"]
[BlackFideId "2099438"]
[EventDate "2025.05.23"]

1. d4 Nf6 2. c4 e6 3. g3 d5 4. Nf3 dxc4 5. Bg2 Nbd7 6. Qa4 a6 7. Qxc4 b5 8. Qd3
Bb7 9. O-O c5 10. dxc5 Bxc5 11. a3 Rc8 12. Nc3 Qb6 13. b4 Be7 14. Be3 Qc7 15.
Rac1 Qb8 16. Bf4 Qa8 17. e4 Rd8 18. Qe2 Nxe4 19. Nxe4 Bxe4 20. Rfd1 Nb6 21. Re1
Bd3 22. Qb2 Bf6 23. Be5 Nd5 24. Bxf6 gxf6 25. Nd4 O-O 26. Nc6 Rd6 27. Bxd5 exd5
28. Ne7+ Kh8 29. Qd4 Bc4 30. Nf5 Re6 31. Qh4 Qd8 32. Ne7 Qxe7 0-1

[Event "18th American Continental"]
[Site "Foz do Iguacu BRA"]
[Date "2025.05.23"]
[Round "1.8"]
[White "Bachmann, Axel"]
[Black "Pontes, Luiz Felizola Lima"]
[Result "1-0"]
[WhiteTitle "GM"]
[WhiteElo "2570"]
[BlackElo "2070"]
[WhiteFideId "3700488"]
[BlackFideId "44709919"]
[EventDate "2025.05.23"]

1. Nf3 d5 2. c4 c6 3. e3 Nf6 4. Nc3 e6 5. b3 Nbd7 6. Bb2 Bd6 7. Qc2 O-O 8. Be2
Re8 9. O-O b6 10. d4 Bb7 11. Rad1 Qe7 12. Rfe1 Rac8 13. e4 Nxe4 14. Nxe4 dxe4
15. Qxe4 Nf6 16. Qh4 Nd7 17. Qh3 Bb4 18. Bd3 Nf8 19. Re4 Ba3 20. Ba1 c5 21. d5
Qd8 22. Rg4 g6 23. Qh6 f6 24. Bxg6 1-0

[Event "18th American Continental"]
[Site "Foz do Iguacu BRA"]
[Date "2025.05.23"]
[Round "1.9"]
[White "Guimaraes, Marcelo Cunha"]
[Black "Supi, Luis Paulo"]
[Result "0-1"]
[BlackTitle "GM"]
[WhiteElo "2064"]
[BlackElo "2566"]
[WhiteFideId "2118068"]
[BlackFideId "2106388"]
[EventDate "2025.05.23"]

1. Nf3 d5 2. g3 Nc6 3. d4 Bf5 4. Bg2 Nb4 5. Na3 e6 6. c3 Nc6 7. Qa4 Nf6 8. Nh4
Bg4 9. h3 Bh5 10. g4 Nd7 11. gxh5 Qxh4 12. Bf3 Nb6 13. Qb3 O-O-O 14. Rg1 h6 15.
Be3 Na5 16. Qb5 Bxa3 17. bxa3 Nac4 18. Bc1 e5 19. Bg4+ Kb8 20. a4 f5 21. a5 fxg4
22. axb6 axb6 0-1

[Event "18th American Continental"]
[Site "Foz do Iguacu BRA"]
[Date "2025.05.23"]
[Round "1.10"]
[White "Fier, Alexandr"]
[Black "Markzon, Gregory"]
[Result "1-0"]
[WhiteTitle "GM"]
[BlackTitle "FM"]
[WhiteElo "2556"]
[BlackElo "2056"]
[WhiteFideId "2107139"]
[BlackFideId "2003694"]
[EventDate "2025.05.23"]

1. e4 e5 2. Nf3 Nc6 3. Bc4 Nf6 4. d3 Be7 5. Nc3 O-O 6. a3 d6 7. Be3 Be6 8. Ng5
Bxc4 9. dxc4 Qd7 10. Qd3 h6 11. Nf3 a6 12. h3 b5 13. O-O bxc4 14. Qxc4 Nd8 15.
Rfd1 Ne6 16. Nxe5 Qc8 17. Nc6 Re8 18. b4 Bf8 19. a4 g6 20. a5 Bg7 21. Rab1 Ng5
22. Bxg5 hxg5 23. Nd5 Qe6 24. Nxf6+ Qxf6 25. Rb3 g4 26. hxg4 Qg5 27. Rf3 Re6 28.
Qd5 Qxd5 29. exd5 Re4 30. g5 Rae8 31. Rdd3 Rg4 32. Rde3 Rxe3 33. Rxe3 Kf8 34.
Re7 Bc3 35. Rxc7 Bxb4 36. Rc8+ Kg7 37. Nxb4 Rxb4 38. Rc6 Rb5 39. c4 Rxa5 40.
Rxd6 Ra1+ 41. Kh2 Rc1 42. Rc6 Kf8 43. d6 Ke8 44. c5 a5 45. Rc8+ Kd7 46. Rc7+ Kd8
47. f4 a4 48. Rxf7 Rxc5 49. Ra7 Rc4 50. Kg3 Rc3+ 51. Kg4 a3 52. g3 Rd3 53. Kh3
Kc8 54. d7+ Rxd7 55. Rxa3 Rd6 56. Re3 Kd7 57. g4 Rd5 58. f5 1-0

[Event "18th American Continental"]
[Site "Foz do Iguacu BRA"]
[Date "2025.05.23"]
[Round "1.11"]
[White "Izquierdo, Daniel"]
[Black "Quesada Perez, Luis Ernesto"]
[Result "0-1"]
[WhiteTitle "FM"]
[BlackTitle "GM"]
[WhiteElo "2053"]
[BlackElo "2546"]
[WhiteFideId "3000044"]
[BlackFideId "3520773"]
[EventDate "2025.05.23"]

1. d4 Nf6 2. Nf3 g6 3. g3 c5 4. d5 Bg7 5. Bg2 b5 6. Nfd2 d6 7. O-O Nbd7 8. a4 b4
9. a5 Ba6 10. c4 bxc3 11. Nxc3 O-O 12. Re1 Ne8 13. Qc2 Nc7 14. Ra2 Rb8 15. b3
Rb4 16. f4 Qb8 17. h3 c4 18. bxc4 Bxc4 19. Ra3 Ba6 20. Nde4 Rc8 21. Qa2 Nb5 22.
Nxb5 Qxb5 23. Nf2 Rb1 24. Nd3 Rcxc1 25. Nxc1 Rb2 26. Qa1 Rc2 0-1

[Event "18th American Continental"]
[Site "Foz do Iguacu BRA"]
[Date "2025.05.23"]
[Round "1.12"]
[White "Tristan, Leonardo"]
[Black "Cezar Junior, William Carlos"]
[Result "1-0"]
[WhiteTitle "GM"]
[WhiteElo "2536"]
[BlackElo "2048"]
[WhiteFideId "113816"]
[BlackFideId "2130769"]
[EventDate "2025.05.23"]

1. d4 d5 2. Nf3 Nf6 3. c3 e6 4. Bf4 Bd6 5. e3 b6 6. Nbd2 O-O 7. h4 c5 8. h5 Bxf4
9. exf4 cxd4 10. cxd4 Qd6 11. h6 g6 12. g3 Ba6 13. Bxa6 Nxa6 14. O-O Nb4 15. Qa4
Nd3 16. Qb3 Nb4 17. Rfc1 Ng4 18. Ne5 Nxh6 19. a3 f6 20. Qxb4 Qxb4 21. axb4 fxe5
22. dxe5 Nf5 23. Nf3 h6 24. Rc6 Rfe8 25. Kg2 Kf7 26. Rh1 Ne7 27. Rc7 Rec8 28.
Rb7 Rh8 29. Nd4 h5 30. Nc6 Rhe8 31. g4 Rac8 32. b5 Kf8 33. gxh5 gxh5 34. Rxh5
Ng8 35. Rhh7 1-0

[Event "18th American Continental"]
[Site "Foz do Iguacu BRA"]
[Date "2025.05.23"]
[Round "1.15"]
[White "Brandao, Renan Alves"]
[Black "Quintiliano, Renato R."]
[Result "0-1"]
[BlackTitle "GM"]
[WhiteElo "2032"]
[BlackElo "2511"]
[WhiteFideId "2115905"]
[BlackFideId "2117568"]
[EventDate "2025.05.23"]

1. c4 Nf6 2. Nc3 g6 3. g3 Bg7 4. Bg2 O-O 5. Nf3 d6 6. O-O e5 7. d4 Nbd7 8. Qc2
Re8 9. dxe5 dxe5 10. Rd1 c6 11. Ng5 Qe7 12. b3 Nf8 13. a4 Bf5 14. Nge4 Red8 15.
Ba3 Qc7 16. Rxd8 Rxd8 17. Rd1 Ne6 18. e3 Nxe4 19. Bxe4 Bh3 20. c5 Bf8 21. b4 Ng5
22. Rxd8 Qxd8 23. Qd3 Nf3+ 24. Kh1 Bg2+ 0-1

[Event "18th American Continental"]
[Site "Foz do Iguacu BRA"]
[Date "2025.05.23"]
[Round "1.16"]
[White "Hardaway, Brewington"]
[Black "Molina Sumoza, Jesus Alberto"]
[Result "1/2-1/2"]
[WhiteTitle "GM"]
[BlackTitle "CM"]
[WhiteElo "2502"]
[BlackElo "2025"]
[WhiteFideId "30941849"]
[BlackFideId "3901874"]
[EventDate "2025.05.23"]

1. e4 c5 2. Nc3 a6 3. g3 b5 4. Bg2 Bb7 5. Nge2 e6 6. O-O b4 7. Na4 Nf6 8. d3 d6
9. a3 bxa3 10. Rxa3 Nbd7 11. f4 Qc7 12. f5 exf5 13. Rxf5 g6 14. Rf1 Bg7 15. Bf4
Nh5 16. Be3 O-O 17. g4 Nhf6 18. Nf4 Ne5 19. h3 Nfd7 20. Qe1 Rae8 21. Qg3 Qb8 22.
Nc3 d5 23. Bc1 dxe4 24. Nxe4 Nc4 25. Rb3 Na5 26. Ra3 Nc4 27. Rb3 Na5 28. Rxb7
Nxb7 29. Qh4 Nd6 30. Nc3 Qd8 31. Qg3 Nb5 32. Ncd5 Nd4 33. c3 Ne2+ 34. Nxe2 Rxe2
35. Qf3 Re6 36. Bf4 Ne5 37. Qg3 c4 38. d4 Nd3 39. b4 Nxf4 40. Nxf4 Rd6 41. Qf3
a5 42. b5 Qb6 43. Rb1 a4 44. Nd5 Qa5 45. Ne7+ Kh8 46. Nc6 Qb6 47. Qe2 a3 48.
Qxc4 Rxc6 49. Qxc6 Bxd4+ 50. Kh1 Qxc6 51. bxc6 Bxc3 52. Bd5 Rc8 53. Rc1 Rxc6 54.
Bxc6 a2 1/2-1/2

[Event "18th American Continental"]
[Site "Foz do Iguacu BRA"]
[Date "2025.05.23"]
[Round "1.17"]
[White "Jodorcovsky, Alejandro David"]
[Black "Diamant, Andre"]
[Result "0-1"]
[WhiteTitle "CM"]
[BlackTitle "GM"]
[WhiteElo "2022"]
[BlackElo "2487"]
[WhiteFideId "3705625"]
[BlackFideId "2108356"]
[EventDate "2025.05.23"]

1. e4 c5 2. Nf3 Nc6 3. Bb5 e6 4. O-O Nge7 5. Re1 Nd4 6. Bf1 g6 7. c3 Nxf3+ 8.
Qxf3 Nc6 9. d3 Bg7 10. Be3 b6 11. Nd2 O-O 12. Qh3 d5 13. Nf3 e5 14. Qg3 h6 15.
exd5 Qxd5 16. Be2 Ne7 17. Nh4 Rb8 18. f4 Bb7 19. Bf3 Qxd3 20. Bxb7 exf4 21. Be4
Qxe3+ 22. Qxe3 fxe3 23. Rxe3 Rbd8 24. Re2 Nd5 25. g3 b5 26. a3 Nb6 27. Bc6 a6
28. Bb7 a5 29. Bc6 b4 30. axb4 axb4 31. cxb4 cxb4 32. Ra6 Nc4 33. b3 Nd2 34. Re7
Nxb3 35. Bb5 Ra8 36. Ra4 Bf6 37. Re1 Nd4 38. Rxb4 Nc2 39. Rbe4 Nxe1 40. Rxe1
Bxh4 41. gxh4 Rab8 0-1

[Event "18th American Continental"]
[Site "Foz do Iguacu BRA"]
[Date "2025.05.23"]
[Round "1.18"]
[White "Shabalov, Alexander"]
[Black "Montevilla Cahuasa, Jonathan I."]
[Result "1/2-1/2"]
[WhiteTitle "GM"]
[BlackTitle "CM"]
[WhiteElo "2483"]
[BlackElo "2022"]
[WhiteFideId "2008572"]
[BlackFideId "3322220"]
[EventDate "2025.05.23"]

1. Nf3 d5 2. d4 Nf6 3. c4 c6 4. Nbd2 g6 5. g3 Bg7 6. Bg2 O-O 7. O-O Bf5 8. b3
Nbd7 9. Nh4 Be6 10. Bb2 Rc8 11. Rc1 Qb6 12. e3 Rfd8 13. Qc2 Nf8 14. Qb1 Ne8 15.
f4 dxc4 16. f5 gxf5 17. Nxf5 Bxf5 18. Qxf5 Nd6 19. Qf3 cxb3 20. Nxb3 e6 21. Rf2
Qc7 22. Nc5 Qe7 23. Ba3 Nb5 24. Bb4 b6 25. Na6 Qb7 26. a4 Nxd4 27. exd4 Qxa6 28.
Qxf7+ Kh8 29. Be4 Rd7 30. Qh5 Bxd4 31. Kg2 c5 32. Bc3 Bxc3 33. Rxc3 Qxa4 34.
Qe5+ Kg8 35. Rcf3 Qd4 36. Qg5+ Rg7 37. Qh4 Ng6 38. Qg4 Re8 39. Rf6 Nf8 40. Rxf8+
Rxf8 41. Qxe6+ Rgf7 42. Bxh7+ Kxh7 43. Rxf7+ Rxf7 44. Qxf7+ Qg7 45. Qh5+ Kg8 46.
Qe8+ Kh7 47. Qh5+ Kg8 48. Qe8+ 1/2-1/2

[Event "18th American Continental"]
[Site "Foz do Iguacu BRA"]
[Date "2025.05.23"]
[Round "1.19"]
[White "Mariani, Daniel Brandao"]
[Black "Hungaski, Robert"]
[Result "0-1"]
[BlackTitle "GM"]
[WhiteElo "2002"]
[BlackElo "2477"]
[WhiteFideId "2124378"]
[BlackFideId "2021030"]
[EventDate "2025.05.23"]

1. d4 e6 2. c4 Bb4+ 3. Bd2 Bxd2+ 4. Qxd2 f5 5. Nc3 Nf6 6. f3 O-O 7. e3 b6 8. Bd3
Bb7 9. Nge2 Qe7 10. O-O Nc6 11. a3 Rae8 12. b4 g6 13. e4 d6 14. Rae1 Qg7 15. Bc2
Nd8 16. Ba4 Re7 17. exf5 gxf5 18. Ng3 Kh8 19. d5 f4 20. Nge4 e5 21. Rf2 Nf7 22.
Nxf6 Qxf6 23. Bc2 Bc8 24. Kf1 Qh4 25. h3 Ng5 26. Be4 Rg7 27. Ke2 Bd7 28. Kd1 Ra8
29. Kc1 a5 30. Kb2 Nxe4 31. Nxe4 Bf5 32. Rfe2 axb4 33. axb4 Rag8 34. Nc3 Rxg2
35. Nb5 R2g7 36. Ra1 Qxh3 37. Qc3 Rg2 38. Nd4 Rxe2+ 39. Nxe2 Rg2 40. Re1 Rf2 41.
c5 bxc5 42. bxc5 Qxf3 43. Qc4 Bd3 44. Qa4 Rxe2+ 45. Rxe2 Qxe2+ 46. Ka3 Bg6 47.
cxd6 Qd3+ 48. Kb2 Qd2+ 49. Ka3 Qc1+ 50. Kb4 Qb2+ 0-1

[Event "18th American Continental"]
[Site "Foz do Iguacu BRA"]
[Date "2025.05.23"]
[Round "1.21"]
[White "Bosco, Giuliana"]
[Black "Villanueva, Mario"]
[Result "1/2-1/2"]
[WhiteTitle "WCM"]
[BlackTitle "IM"]
[WhiteElo "1998"]
[BlackElo "2454"]
[WhiteFideId "142611"]
[BlackFideId "113433"]
[EventDate "2025.05.23"]

1. e4 c6 2. d4 d5 3. e5 Bf5 4. h4 h5 5. Bd3 Bxd3 6. Qxd3 Qa5+ 7. Nd2 e6 8. Nf3
Qa6 9. c4 Bb4 10. b3 Ne7 11. O-O c5 12. dxc5 Nd7 13. Qc2 Nxc5 14. Bb2 Rc8 15.
Rac1 O-O 16. Rfd1 Bxd2 17. Nxd2 dxc4 18. bxc4 Nf5 19. Nf3 Qa4 20. Qxa4 Nxa4 21.
Ba3 Rfd8 22. c5 Rxd1+ 23. Rxd1 Nxc5 24. Bxc5 Rxc5 25. Ng5 Kf8 26. Rd7 Rc1+ 27.
Kh2 Nh6 28. Rxb7 Ng4+ 29. Kg3 Nxe5 30. Rxa7 Rc6 31. a4 f6 32. Ne4 Nd3 1/2-1/2

[Event "18th American Continental"]
[Site "Foz do Iguacu BRA"]
[Date "2025.05.23"]
[Round "1.22"]
[White "Di Berardino, Diego Rafael"]
[Black "Montiel Caceres, Helen"]
[Result "1-0"]
[WhiteTitle "IM"]
[BlackTitle "WFM"]
[WhiteElo "2448"]
[BlackElo "1980"]
[WhiteFideId "2105446"]
[BlackFideId "3707121"]
[EventDate "2025.05.23"]

1. d4 Nf6 2. c4 e6 3. Nc3 Bb4 4. e3 O-O 5. Bd2 c5 6. a3 cxd4 7. axb4 dxc3 8.
Bxc3 d5 9. Nf3 Nbd7 10. Qc2 b6 11. b3 Bb7 12. Be2 Ne4 13. Bb2 a5 14. bxa5 Rxa5
15. O-O Qc7 16. Rxa5 bxa5 17. Nd4 Rc8 18. Nb5 Qb6 19. Rc1 Ba6 20. Qd1 Rd8 21.
Bd4 Qb8 22. Qe1 Bxb5 23. cxb5 Rc8 24. Rc6 e5 25. Bb2 Rxc6 26. bxc6 Ndc5 27. Qxa5
Nxb3 28. c7 1-0

[Event "18th American Continental"]
[Site "Foz do Iguacu BRA"]
[Date "2025.05.23"]
[Round "1.23"]
[White "El Zwei, Aiman Mohamed"]
[Black "Salinas Herrera, Pablo"]
[Result "0-1"]
[BlackTitle "GM"]
[WhiteElo "1980"]
[BlackElo "2447"]
[WhiteFideId "44733909"]
[BlackFideId "3407128"]
[EventDate "2025.05.23"]

1. d4 d5 2. c4 e6 3. Nf3 a6 4. cxd5 exd5 5. Nc3 c6 6. Bf4 Bd6 7. Bxd6 Qxd6 8. e3
Bf5 9. Bd3 Ne7 10. O-O O-O 11. Bxf5 Nxf5 12. Qd3 Ne7 13. Rac1 Nd7 14. Rfd1 Nf6
15. Na4 Nc8 16. Nc5 Qe7 17. Ne5 Nd6 18. Re1 Rfe8 19. Qc2 Nfe4 20. f3 Nxc5 21.
Qxc5 Rad8 22. Rc2 Qg5 23. Rce2 Re6 24. Qc3 Rde8 25. Qd3 Qd8 26. e4 Nb5 27. Rd1
Nxd4 28. Qxd4 Rxe5 29. Red2 Qe7 30. exd5 Rxd5 31. Qf2 Rxd2 32. Qxd2 h5 33. Kf2
a5 34. b3 a4 35. bxa4 Qh4+ 36. Kg1 Qxa4 37. Rb1 b5 38. Rc1 Qa7+ 39. Qf2 Qd7 40.
g3 Re6 41. Kg2 Qe7 42. Rc2 g6 43. h4 Re5 44. f4 Re3 45. Kh2 c5 46. f5 c4 47.
fxg6 fxg6 48. Qf4 Kh7 49. Rf2 c3 50. Qd4 b4 51. Qc4 Re6 52. a3 bxa3 53. Qxc3 Re2
54. Rxe2 Qxe2+ 55. Kh3 Qe7 56. Qb3 Qa7 57. Qa2 Qb7 58. g4 Qf3+ 0-1

[Event "18th American Continental"]
[Site "Foz do Iguacu BRA"]
[Date "2025.05.23"]
[Round "1.24"]
[White "Panjwani, Raja"]
[Black "Raimundo, Airton Carlos Nunes"]
[Result "1-0"]
[WhiteTitle "IM"]
[WhiteElo "2446"]
[BlackElo "1975"]
[WhiteFideId "2604493"]
[BlackFideId "2114526"]
[EventDate "2025.05.23"]

1. e4 c5 2. Nf3 Nc6 3. Bb5 d6 4. O-O Bd7 5. Re1 Nd4 6. Nxd4 cxd4 7. Bc4 Qc7 8.
Bb3 Nf6 9. c3 e5 10. cxd4 Be7 11. d5 Rc8 12. Nc3 O-O 13. d4 Ng4 14. dxe5 Nxe5
15. Bf4 Ng6 16. Be3 f5 17. exf5 Rxf5 18. Ne2 Bf6 19. Nd4 Bxd4 20. Qxd4 a6 21.
Rac1 Qd8 22. Rxc8 Bxc8 23. Qb6 Qxb6 24. Bxb6 Kf8 25. Bc7 Rf6 26. g3 Bh3 27. f4
Kf7 28. a4 h5 29. Bd8 Rf5 30. Bc2 Rxd5 31. Bb3 Be6 1-0

[Event "18th American Continental"]
[Site "Foz do Iguacu BRA"]
[Date "2025.05.23"]
[Round "1.25"]
[White "Calcada, Lucas Galvan"]
[Black "Coro, Lucas"]
[Result "0-1"]
[BlackTitle "IM"]
[WhiteElo "1967"]
[BlackElo "2434"]
[WhiteFideId "22746099"]
[BlackFideId "147222"]
[EventDate "2025.05.23"]

1. c4 g6 2. Nc3 Bg7 3. g3 Nf6 4. Bg2 O-O 5. e4 c5 6. Nge2 Nc6 7. O-O d6 8. d3
Bg4 9. h3 Bxe2 10. Nxe2 Ne8 11. Rb1 Nc7 12. Be3 Ne6 13. Qd2 Rb8 14. f4 Ned4 15.
Bxd4 Bxd4+ 16. Kh2 Bg7 17. a3 a5 18. a4 e6 19. b3 Qe7 20. Rbe1 Rbe8 21. e5 dxe5
22. Bxc6 bxc6 23. Qxa5 Rb8 24. fxe5 Bxe5 25. Nc1 Qg5 26. Rg1 h5 27. Re4 h4 28.
Ne2 Rxb3 29. Kh1 Bxg3 30. Nxg3 hxg3 31. Rg4 Qf5 32. R4xg3 Rxd3 33. Qc7 Rfd8 34.
Qxc6 Rxg3 35. Rxg3 Qf1+ 36. Kh2 Rd2+ 37. Rg2 Qf4+ 38. Kh1 Rd1+ 39. Rg1 Rd3 40.
Qg2 Qh6 0-1

[Event "18th American Continental"]
[Site "Foz do Iguacu BRA"]
[Date "2025.05.23"]
[Round "1.26"]
[White "Liascovich, Lucas"]
[Black "Sanchez Tobar, Francisca Valenti"]
[Result "1-0"]
[WhiteTitle "IM"]
[BlackTitle "WFM"]
[WhiteElo "2417"]
[BlackElo "1964"]
[WhiteFideId "108634"]
[BlackFideId "3431304"]
[EventDate "2025.05.23"]

1. d4 Nf6 2. Nf3 e6 3. c4 Bb4+ 4. Nc3 O-O 5. Bg5 d5 6. cxd5 exd5 7. e3 h6 8.
Bxf6 Qxf6 9. Qb3 Bxc3+ 10. bxc3 c6 11. Be2 Nd7 12. O-O Rd8 13. a4 a5 14. c4 Qe6
15. cxd5 cxd5 16. Rfc1 Qd6 17. Rab1 Nf8 18. Ne5 Ne6 19. Bh5 g6 20. Be2 Kg7 21.
Qc2 Re8 22. h4 Re7 23. h5 Nf8 24. hxg6 Nxg6 25. Nxg6 fxg6 26. Qc5 Qd8 27. Bf3
Be6 28. Qb6 Qd7 29. Qb5 Qd6 30. Rc5 Rd7 31. Qb6 Qxb6 32. Rxb6 Ra6 33. Rxa6 bxa6
34. Rc6 Bf7 35. Rxa6 h5 36. g4 h4 37. g5 Rc7 38. Rxa5 Rc1+ 39. Kg2 Be6 40. Bxd5
Bg4 41. Ra7+ Kf8 42. Rf7+ Ke8 43. Rf4 h3+ 44. Kh2 Bd7 45. Bf7+ Kd8 46. Bxg6 Ra1
47. Bf5 Bxa4 48. Bxh3 Bc6 49. Bg2 Bd7 50. g6 1-0

[Event "18th American Continental"]
[Site "Foz do Iguacu BRA"]
[Date "2025.05.23"]
[Round "1.27"]
[White "Bail, Ellen Larissa"]
[Black "Do Valle Cardoso, Lucas"]
[Result "0-1"]
[BlackTitle "IM"]
[WhiteElo "1964"]
[BlackElo "2411"]
[WhiteFideId "2142171"]
[BlackFideId "2163144"]
[EventDate "2025.05.23"]

1. d4 Nf6 2. Nf3 g6 3. c4 Bg7 4. Nc3 d5 5. Bg5 Ne4 6. cxd5 Nxg5 7. Nxg5 e6 8.
Nf3 exd5 9. Qb3 c6 10. e3 O-O 11. Bd3 Nd7 12. O-O Qe7 13. a4 a5 14. Qa3 Qd8 15.
Ne2 Re8 16. Rac1 Bf8 17. Qc3 Bd6 18. Qc2 Nf6 19. Nc3 Bg4 20. Nd2 Bb8 21. Rfe1
Qd6 22. Nf1 Kg7 23. Nb1 Ba7 24. Nbd2 Rac8 25. Nb3 b6 26. f3 Bd7 27. e4 b5 28. e5
Rxe5 29. Nc5 Rxe1 30. Rxe1 Qf4 31. Qf2 Bxc5 32. dxc5 Qxa4 33. Kh1 Qb4 34. Rc1
Re8 35. Qd2 Qxd2 36. Nxd2 Re3 37. Bf1 h5 38. Kg1 Bf5 39. Kf2 d4 40. b3 Rc3 41.
Ra1 Rxc5 42. Rxa5 Rc2 43. Ke1 Nd5 44. Ne4 Bxe4 45. fxe4 Ne3 46. Ra1 h4 0-1